<?xml version="1.0" encoding="UTF-8"?>
<collection xmlns="http://www.loc.gov/MARC21/slim">
 <record>
  <leader>01426caa a2200325   4500</leader>
  <controlfield tag="001">1550720708</controlfield>
  <controlfield tag="003">DE-627</controlfield>
  <controlfield tag="005">20161208095855.0</controlfield>
  <controlfield tag="007">cr uuu---uuuuu</controlfield>
  <controlfield tag="008">161207s2015    xx |||||oo    00| ||ger c</controlfield>
  <datafield tag="035" ind1=" " ind2=" ">
   <subfield code="a">(DE-627)1550720708</subfield>
  </datafield>
  <datafield tag="035" ind1=" " ind2=" ">
   <subfield code="a">(DE-576)480720703</subfield>
  </datafield>
  <datafield tag="035" ind1=" " ind2=" ">
   <subfield code="a">(DE-599)BSZ480720703</subfield>
  </datafield>
  <datafield tag="040" ind1=" " ind2=" ">
   <subfield code="a">DE-627</subfield>
   <subfield code="b">ger</subfield>
   <subfield code="c">DE-627</subfield>
   <subfield code="e">rda</subfield>
  </datafield>
  <datafield tag="041" ind1=" " ind2=" ">
   <subfield code="a">ger</subfield>
  </datafield>
  <datafield tag="100" ind1="1" ind2=" ">
   <subfield code="a">Keazor, Henry</subfield>
   <subfield code="d">1965-</subfield>
   <subfield code="e">VerfasserIn</subfield>
   <subfield code="0">(DE-588)13374423X</subfield>
   <subfield code="0">(DE-627)555751465</subfield>
   <subfield code="0">(DE-576)300066929</subfield>
   <subfield code="4">aut</subfield>
  </datafield>
  <datafield tag="245" ind1="1" ind2="0">
   <subfield code="a">[Rezension von: Jonathon Keats, Forged]</subfield>
   <subfield code="c">Henry Keazor</subfield>
  </datafield>
  <datafield tag="264" ind1=" " ind2="1">
   <subfield code="c">2015</subfield>
  </datafield>
  <datafield tag="336" ind1=" " ind2=" ">
   <subfield code="a">Text</subfield>
   <subfield code="b">txt</subfield>
   <subfield code="2">rdacontent</subfield>
  </datafield>
  <datafield tag="337" ind1=" " ind2=" ">
   <subfield code="a">Computermedien</subfield>
   <subfield code="b">c</subfield>
   <subfield code="2">rdamedia</subfield>
  </datafield>
  <datafield tag="338" ind1=" " ind2=" ">
   <subfield code="a">Online-Ressource</subfield>
   <subfield code="b">cr</subfield>
   <subfield code="2">rdacarrier</subfield>
  </datafield>
  <datafield tag="500" ind1=" " ind2=" ">
   <subfield code="a">Gesehen am 07.12.2016</subfield>
  </datafield>
  <datafield tag="655" ind1=" " ind2="7">
   <subfield code="a">Rezension</subfield>
   <subfield code="0">(DE-588)4049712-4</subfield>
   <subfield code="0">(DE-627)106186019</subfield>
   <subfield code="0">(DE-576)209083166</subfield>
   <subfield code="2">gnd-content</subfield>
  </datafield>
  <datafield tag="773" ind1="0" ind2="8">
   <subfield code="i">Enthalten in</subfield>
   <subfield code="t">Sehepunkte</subfield>
   <subfield code="d">München : Ludwig-Maximilians-Univ., 2001</subfield>
   <subfield code="g">15(2015), 9, Seite ?</subfield>
   <subfield code="h">Online-Ressource</subfield>
   <subfield code="w">(DE-627)33678273X</subfield>
   <subfield code="w">(DE-600)2062440-2</subfield>
   <subfield code="w">(DE-576)117978736</subfield>
   <subfield code="x">1618-6168</subfield>
   <subfield code="7">|||s</subfield>
  </datafield>
  <datafield tag="773" ind1="1" ind2="8">
   <subfield code="g">volume:15</subfield>
   <subfield code="g">year:2015</subfield>
   <subfield code="g">number:9</subfield>
   <subfield code="g">pages:?</subfield>
  </datafield>
  <datafield tag="787" ind1="0" ind2="8">
   <subfield code="i">Rezension von</subfield>
   <subfield code="a">Keats, Jonathon, 1971 - </subfield>
   <subfield code="t">Forged</subfield>
   <subfield code="d">Oxford [u.a.] : Oxford Univ. Press, 2013</subfield>
   <subfield code="h">VIII, 197 S.</subfield>
   <subfield code="w">(DE-627)696974126</subfield>
   <subfield code="w">(DE-576)405953879</subfield>
   <subfield code="z">9780199928354</subfield>
  </datafield>
  <datafield tag="856" ind1="4" ind2="0">
   <subfield code="u">http://www.sehepunkte.de/2015/09/25641.html</subfield>
   <subfield code="x">Verlag</subfield>
   <subfield code="z">kostenfrei</subfield>
   <subfield code="3">Volltext</subfield>
  </datafield>
  <datafield tag="936" ind1="u" ind2="w">
   <subfield code="d">15</subfield>
   <subfield code="j">2015</subfield>
   <subfield code="e">9</subfield>
   <subfield code="h">?</subfield>
  </datafield>
  <datafield tag="951" ind1=" " ind2=" ">
   <subfield code="a">AR</subfield>
  </datafield>
  <datafield tag="999" ind1=" " ind2=" ">
   <subfield code="a">KXP-PPN1550720708</subfield>
   <subfield code="e">2958695603</subfield>
  </datafield>
 </record>
</collection>
